[Event "I Festival Hotel Promenade A"]
[Site "Montesilvano ITA"]
[Date "2015.01.05"]
[Round "4"]
[White "Capaliku, Aleks"]
[Black "Juhasz, Armin"]
[WhiteElo "2037"]
[BlackElo "2292"]
[Result "1/2-1/2"]
[PlyCount "167"]
[EventDate "2015.01.03"]

1. d4 Nf6 2. c4 c5 3. d5 g6 4. Nc3 Bg7 5. e4 d6 6. Bd3 O-O 7. Nf3 e6 8. O-O Na6
9. Bg5 h6 10. Bh4 e5 11. Nd2 Nc7 12. h3 Qe8 13. g4 Nh7 14. Kg2 Kh8 15. Qe2 Bf6
16. Bg3 Qe7 17. Nd1 Bd7 18. Ne3 Rab8 19. b3 Bg5 20. f4 exf4 21. Bxf4 Bxf4 22.
Rxf4 Kg8 23. Raf1 a6 24. Nd1 b5 25. R4f2 b4 26. Nf3 Ng5 27. Nxg5 hxg5 28. Qf3
Qe5 29. Qf6 Rbe8 30. Ne3 Re7 31. Re2 Qxf6 32. Rxf6 Ne8 33. Rf1 Kg7 34. Ref2 Bc8
35. Kg3 Rh8 36. Ng2 f6 37. Ne1 a5 38. Nf3 Ra7 39. Bc2 Ba6 40. Nd2 Re7 41. Rf3
Rf8 42. R3f2 Rff7 43. Nf3 Bc8 44. Nd2 Nc7 45. Nf3 Na8 46. e5 dxe5 47. Nd2 Nb6
48. Ne4 Nd7 49. d6 Re8 50. Nxg5 Rff8 51. Ne4 Bb7 52. Rd2 Bxe4 53. Bxe4 Rd8 54.
Bc6 Nb6 55. d7 f5 56. Rd6 Rf7 57. Rfd1 Re7 58. Bb5 Na8 59. R6d5 e4 60. gxf5 e3
61. Rxc5 Nb6 62. Rc6 Nxd7 63. Rxg6+ Kh7 64. Bxd7 e2 65. Re1 Rdxd7 66. Re6 Rg7+
67. Kf2 Rg5 68. R1xe2 Rxf5+ 69. Ke1 Rd3 70. Re7+ Kg8 71. Rd2 Rxh3 72. Rd8+ Rf8
73. Rxf8+ Kxf8 74. Re5 a4 75. bxa4 Ra3 76. Re2 Rc3 77. Rb2 Rxc4 78. a5 Rc5 79.
Rxb4 Rxa5 80. a4 Ke7 81. Rd4 Ra6 82. Kd2 Rd6 83. Kc3 Rxd4 84. Kxd4 1/2-1/2

[Event "I Festival Hotel Promenade A"]
[Site "Montesilvano ITA"]
[Date "2015.01.05"]
[Round "4"]
[White "Capitelli, Paolo"]
[Black "Seresin, Francesco"]
[WhiteElo "2071"]
[BlackElo "2075"]
[Result "1/2-1/2"]
[PlyCount "37"]
[EventDate "2015.01.03"]

1. e4 d5 2. exd5 Nf6 3. c4 e6 4. d4 exd5 5. Nf3 Nc6 6. Nc3 Bb4 7. a3 Bxc3+ 8.
bxc3 O-O 9. Be2 dxc4 10. O-O Na5 11. Bg5 Be6 12. Nd2 h6 13. Bh4 g5 14. Bg3 Nd5
15. Qc2 b5 16. Bf3 c6 17. Rae1 Qd7 18. Re5 Nf6 19. h4 1/2-1/2

[Event "I Festival Hotel Promenade A"]
[Site "Montesilvano ITA"]
[Date "2015.01.05"]
[Round "4"]
[White "Ceschia, Ivano"]
[Black "Gueci, Tea"]
[WhiteElo "2260"]
[BlackElo "2050"]
[Result "1-0"]
[PlyCount "149"]
[EventDate "2015.01.03"]

1. e4 g6 2. d4 Bg7 3. Nc3 c6 4. Nf3 d6 5. Bc4 Nf6 6. O-O O-O 7. Bb3 b5 8. a3
Qc7 9. Re1 Bg4 10. h3 Bxf3 11. Qxf3 Nbd7 12. Qe2 e5 13. d5 Rab8 14. dxc6 Qxc6
15. Nd5 Nxd5 16. Bxd5 Qc7 17. Rd1 Rfc8 18. Bg5 Nc5 19. Rac1 a5 20. c3 h6 21.
Be3 a4 22. Rb1 Bf8 23. Qg4 Kh7 24. f4 Qe7 25. f5 Bg7 26. Rf1 Rf8 27. Rf3 Nd7
28. Ba2 g5 29. f6 Nxf6 30. Qf5+ Kg8 31. Rbf1 d5 32. Bxd5 Nxd5 33. exd5 Qd6 34.
Rd1 Rb7 35. Qe4 Rd8 36. h4 f6 37. Qg6 Qe7 38. hxg5 fxg5 39. Rdf1 Rbd7 40. Rf7
Qxf7 41. Rxf7 Rxf7 42. Qe6 Bf8 43. Qxe5 Re7 44. Qf6 Rxd5 45. Bd4 Rdd7 46. Qc6
Rb7 47. Bc5 Rh7 48. Qe8 Rhf7 49. Qa8 Rbd7 50. Bd4 Rb7 51. Qe8 Rbd7 52. g3 Rfe7
53. Qb8 Rb7 54. Qc8 Rec7 55. Qe6+ Rf7 56. Kg2 Rbe7 57. Qc8 Rc7 58. Qa8 Rb7 59.
Kh3 Kh7 60. Kg4 Bg7 61. Kh5 Bxd4 62. cxd4 Rfd7 63. Qf8 Rg7 64. d5 Rbd7 65. d6
g4 66. Qf5+ Kh8 67. Qe6 Kh7 68. Qxh6+ Kg8 69. Qe6+ Kf8 70. Kh6 Rh7+ 71. Kg5
Rhg7+ 72. Kf5 Rdf7+ 73. Ke4 Rd7 74. Kd5 Rg5+ 75. Kc6 1-0

[Event "I Festival Hotel Promenade A"]
[Site "Montesilvano ITA"]
[Date "2015.01.05"]
[Round "4"]
[White "Collutiis, Duilio"]
[Black "Zimina, Olga"]
[WhiteElo "2478"]
[BlackElo "2328"]
[Result "1-0"]
[PlyCount "79"]
[EventDate "2015.01.03"]

1. e4 e5 2. Bc4 Nf6 3. d3 Nc6 4. Nf3 Bc5 5. c3 O-O 6. Nbd2 d5 7. exd5 Nxd5 8.
Ne4 Be7 9. O-O Bg4 10. h3 Bh5 11. Re1 Bg6 12. Bb5 Bd6 13. Bxc6 bxc6 14. Qa4 c5
15. Qa5 Bh5 16. Nh2 Nf4 17. Bxf4 exf4 18. Nxc5 Qg5 19. Nb7 Qxa5 20. Nxa5 Rfe8
21. Kf1 Bg6 22. Rxe8+ Rxe8 23. Rd1 c5 24. Nf3 f6 25. Nc4 Bc7 26. d4 cxd4 27.
Rxd4 Bb1 28. a4 Rd8 29. Rxd8+ Bxd8 30. Ke2 g5 31. Nd4 h5 32. Nc6 Bc7 33. Nxa7
Ba2 34. Nd2 Kf7 35. Nb5 Bb6 36. b3 f5 37. Nd4 Kf6 38. Nc6 g4 39. Nb4 f3+ 40.
Kf1 1-0

[Event "I Festival Hotel Promenade A"]
[Site "Montesilvano ITA"]
[Date "2015.01.05"]
[Round "4"]
[White "Di Donatantonio, Franco"]
[Black "Pescatore, Lorenzo"]
[WhiteElo "2114"]
[BlackElo "2254"]
[Result "0-1"]
[PlyCount "70"]
[EventDate "2015.01.03"]

1. d3 c5 2. e4 Nc6 3. Nf3 g6 4. Be2 Bg7 5. O-O Nf6 6. c3 O-O 7. Be3 b6 8. h3 d5
9. Qc2 e5 10. Re1 h6 11. Nh2 Be6 12. Na3 Rc8 13. Bf3 Qd7 14. Qe2 Kh7 15. c4
dxe4 16. dxe4 Nd4 17. Bxd4 cxd4 18. b3 Ne8 19. Rad1 Nd6 20. Ng4 a6 21. Rc1 Nb7
22. Nb1 Nc5 23. Rcd1 b5 24. cxb5 axb5 25. Nc3 h5 26. Nh2 Nxb3 27. Nd5 Bxd5 28.
exd5 Nc5 29. Bxh5 e4 30. h4 gxh5 31. Qxh5+ Kg8 32. Ng4 f5 33. Nh6+ Bxh6 34.
Qxh6 Qg7 35. Qf4 Nd3 0-1

[Event "I Festival Hotel Promenade A"]
[Site "Montesilvano ITA"]
[Date "2015.01.05"]
[Round "4"]
[White "Horvath, Jozsef"]
[Black "Horvath, Csaba"]
[WhiteElo "2514"]
[BlackElo "2540"]
[Result "1/2-1/2"]
[PlyCount "61"]
[EventDate "2015.01.03"]

1. e4 c5 2. Nf3 d6 3. d4 cxd4 4. Nxd4 Nf6 5. Nc3 a6 6. Bg5 e6 7. f4 h6 8. Bh4
Qb6 9. Qd2 Qxb2 10. Rb1 Qa3 11. e5 dxe5 12. fxe5 Nd5 13. Nxd5 exd5 14. e6 Bxe6
15. Nxe6 fxe6 16. Bd3 Be7 17. Bg6+ Kd8 18. Bxe7+ Qxe7 19. O-O Nd7 20. Rf7 Qc5+
21. Kh1 Rf8 22. Rxg7 Rf6 23. Rg8+ Rf8 24. Rxf8+ Qxf8 25. c4 Qg7 26. Bc2 Qg5 27.
Qe2 Qe5 28. Qxe5 Nxe5 29. cxd5 Rc8 30. Bb3 Nd3 31. dxe6 1/2-1/2

[Event "I Festival Hotel Promenade A"]
[Site "Montesilvano ITA"]
[Date "2015.01.05"]
[Round "4"]
[White "Martorelli, Antonio"]
[Black "Pierantozzi, Stanislao"]
[WhiteElo "2281"]
[BlackElo "2058"]
[Result "1-0"]
[PlyCount "85"]
[EventDate "2015.01.03"]

1. e4 d6 2. d4 Nf6 3. Nc3 e5 4. Nge2 Be7 5. f3 c6 6. Be3 b5 7. dxe5 dxe5 8.
Qxd8+ Kxd8 9. O-O-O+ Kc7 10. g4 Be6 11. g5 Nfd7 12. f4 Bc5 13. Bxc5 Nxc5 14. f5
Bc4 15. Ng3 Bxf1 16. Rhxf1 Nbd7 17. h4 a5 18. h5 h6 19. g6 fxg6 20. hxg6 Nf6
21. Rh1 h5 22. Rh4 Rh6 23. Rdh1 Rah8 24. a3 b4 25. Nb1 Nb7 26. Nd2 Nd6 27. Nf3
Ng4 28. Ng5 Nf2 29. Rf1 Ng4 30. Ne6+ Kd7 31. Nxg7 Ke7 32. N7xh5 Nf6 33. g7 Rg8
34. Nxf6 Rxf6 35. Nh5 Rh6 36. f6+ Kf7 37. Rd1 Rd8 38. axb4 axb4 39. b3 Rg6 40.
Rh3 Nb7 41. Rxd8 Nxd8 42. Rd3 Ne6 43. Rd7+ 1-0

[Event "I Festival Hotel Promenade A"]
[Site "Montesilvano ITA"]
[Date "2015.01.05"]
[Round "4"]
[White "Naumkin, Igor"]
[Black "Molina, Fabrizio"]
[WhiteElo "2408"]
[BlackElo "2246"]
[Result "1-0"]
[PlyCount "61"]
[EventDate "2015.01.03"]

1. d4 d5 2. c4 dxc4 3. Nf3 Nf6 4. e3 Bg4 5. Bxc4 e6 6. h3 Bh5 7. Nc3 a6 8. O-O
Nc6 9. Be2 Bd6 10. a3 O-O 11. b4 Qe7 12. Bb2 Nd5 13. Ne4 f5 14. Nc5 b6 15. Nd3
Bxf3 16. Bxf3 Qh4 17. Re1 Rad8 18. e4 fxe4 19. Rxe4 Qh6 20. Qe2 Rxf3 21. Qxf3
Rf8 22. Qg4 Rf5 23. Qe2 Nd8 24. Re1 Rf6 25. Bc1 Qg6 26. Rg4 Qf7 27. Bg5 h5 28.
Bxf6 Qxf6 29. Re4 Nc3 30. Qxh5 Nxe4 31. Rxe4 1-0

[Event "I Festival Hotel Promenade A"]
[Site "Montesilvano ITA"]
[Date "2015.01.05"]
[Round "4"]
[White "Sibilio, Mario"]
[Black "Calavalle, Giulio"]
[WhiteElo "2280"]
[BlackElo "2221"]
[Result "1/2-1/2"]
[PlyCount "31"]
[EventDate "2015.01.03"]

1. e4 c5 2. Nf3 Nc6 3. Bb5 g6 4. O-O Bg7 5. Re1 Nd4 6. Bc4 e6 7. Nxd4 cxd4 8.
d3 Ne7 9. Nd2 O-O 10. Nf3 Nc6 11. h3 Qc7 12. Bb3 Na5 13. e5 Nxb3 14. cxb3 f6
15. Bf4 fxe5 16. Rc1 1/2-1/2

[Event "I Festival Hotel Promenade A"]
[Site "Montesilvano ITA"]
[Date "2015.01.05"]
[Round "5"]
[White "Calavalle, Giulio"]
[Black "Martorelli, Antonio"]
[WhiteElo "2221"]
[BlackElo "2281"]
[Result "0-1"]
[PlyCount "135"]
[EventDate "2015.01.03"]

1. e4 c5 2. Nc3 e6 3. g3 d5 4. Bg2 Nf6 5. d3 Nc6 6. Nge2 d4 7. Nb1 e5 8. O-O
Be7 9. Nd2 O-O 10. f4 Bd7 11. Nf3 Ng4 12. h3 Ne3 13. Bxe3 dxe3 14. c3 Qb6 15.
Qc1 Rfd8 16. Qxe3 Be8 17. b3 Rxd3 18. Qf2 f6 19. Kh2 a5 20. Ne1 Rd2 21. Nf3 Rd3
22. Ne1 Rd7 23. Nc2 a4 24. b4 Qa6 25. Rfb1 cxb4 26. cxb4 Qd3 27. Ne3 Nxb4 28.
Rd1 Qa6 29. Nf5 Bf8 30. Rxd7 Bxd7 31. Nc3 Rc8 32. Rc1 Qe6 33. fxe5 Qxe5 34. Bf1
Be6 35. Qd2 a3 36. Nd4 Rd8 37. Nd5 Nxd5 38. Nxe6 Qxe6 39. exd5 Qb6 40. Bc4 Bd6
41. Bb3 g6 42. Qe2 Kg7 43. Kg2 Qb4 44. Rc4 Qb6 45. Rc2 Be5 46. Qd3 Qd6 47. Qf3
Re8 48. Qd3 Re7 49. Ba4 h5 50. Rc4 Bxg3 51. Bc2 f5 52. Rc3 Be1 53. Qd4+ Kh7 54.
Re3 Rxe3 55. Qxe3 Qxd5+ 56. Kf1 Bb4 57. Bb3 Qh1+ 58. Ke2 Qe1+ 59. Kd3 Qxe3+ 60.
Kxe3 g5 61. Bf7 Bc5+ 62. Kf3 Kh6 63. h4 g4+ 64. Kf4 Be7 65. Kxf5 Bxh4 66. Kf4
Bg5+ 67. Kg3 Bd2 68. Be6 0-1

[Event "I Festival Hotel Promenade A"]
[Site "Montesilvano ITA"]
[Date "2015.01.05"]
[Round "5"]
[White "Capaliku, Aleks"]
[Black "Di Donatantonio, Franco"]
[WhiteElo "2037"]
[BlackElo "2114"]
[Result "0-1"]
[PlyCount "50"]
[EventDate "2015.01.03"]

1. f4 Nf6 2. Nf3 d6 3. Nc3 Nbd7 4. d3 e5 5. e4 Be7 6. Be2 c6 7. Be3 Ng4 8. Qd2
Nxe3 9. Qxe3 O-O 10. f5 Nf6 11. O-O-O b5 12. h3 Qa5 13. g4 g6 14. g5 Nh5 15. f6
Bd8 16. Nxe5 Bb6 17. Qd2 b4 18. Nxg6 hxg6 19. Bxh5 bxc3 20. Qf4 Be6 21. bxc3
Qxc3 22. Rde1 Ba5 23. Kd1 Rab8 24. Ke2 Qxc2+ 25. Kf3 Rb2 0-1

[Event "I Festival Hotel Promenade A"]
[Site "Montesilvano ITA"]
[Date "2015.01.05"]
[Round "5"]
[White "Gueci, Tea"]
[Black "Carnicelli, Valerio"]
[WhiteElo "2050"]
[BlackElo "2195"]
[Result "1-0"]
[PlyCount "71"]
[EventDate "2015.01.03"]

1. e4 e5 2. Nf3 Nc6 3. Bb5 f5 4. Nc3 Nf6 5. Qe2 fxe4 6. Nxe4 Qe7 7. c4 d6 8. d4
exd4 9. Nxf6+ gxf6 10. Nxd4 Qxe2+ 11. Kxe2 Bd7 12. Nxc6 bxc6 13. Ba4 Rg8 14. g3
Kd8 15. Be3 Kc8 16. Bd2 Kb7 17. Be3 Rd8 18. Rac1 c5 19. Bxd7 Rxd7 20. Rhd1 Kc6
21. Rd5 Re7 22. Rh5 Rgg7 23. f4 Re4 24. Kf3 Rge7 25. Rc3 Kb7 26. b4 cxb4 27.
Rb5+ Ka8 28. Rxb4 c5 29. Rb5 f5 30. Rbb3 h5 31. h3 Re8 32. a3 Bg7 33. Rd3 R8e6
34. Bxc5 Rxc4 35. Bxd6 Rc8 36. Bb4 1-0

[Event "I Festival Hotel Promenade A"]
[Site "Montesilvano ITA"]
[Date "2015.01.05"]
[Round "5"]
[White "Horvath, Csaba"]
[Black "Collutiis, Duilio"]
[WhiteElo "2540"]
[BlackElo "2478"]
[Result "1/2-1/2"]
[PlyCount "45"]
[EventDate "2015.01.03"]

1. d4 f5 2. g3 Nf6 3. Bg2 e6 4. c4 Bb4+ 5. Nd2 a5 6. Ngf3 b6 7. Ne5 Ra7 8. O-O
Bb7 9. Ndf3 Be7 10. b3 a4 11. Bb2 Ne4 12. Rc1 Bf6 13. b4 d6 14. Nd3 O-O 15. Ba3
Qe8 16. b5 c5 17. bxc6 Nxc6 18. e3 Na5 19. Nfe1 Qd7 20. f3 Ng5 21. Nb2 Rc8 22.
Rf2 Bd8 23. Ned3 1/2-1/2

[Event "I Festival Hotel Promenade A"]
[Site "Montesilvano ITA"]
[Date "2015.01.05"]
[Round "5"]
[White "Juhasz, Armin"]
[Black "Ceschia, Ivano"]
[WhiteElo "2292"]
[BlackElo "2260"]
[Result "1-0"]
[PlyCount "165"]
[EventDate "2015.01.03"]

1. Nf3 Nf6 2. g3 g6 3. b3 Bg7 4. Bb2 O-O 5. Bg2 d5 6. c4 c6 7. O-O Nbd7 8. Qc2
Re8 9. Nc3 dxc4 10. bxc4 e5 11. Rfd1 Nc5 12. d3 Bf5 13. Na4 Nfd7 14. Nd2 Nxa4
15. Qxa4 Nc5 16. Qc2 Qd7 17. Rab1 Rad8 18. Nb3 Na4 19. Ba1 Qe7 20. Na5 Nc5 21.
Bc3 Qc7 22. Bb4 e4 23. dxe4 Nxe4 24. Rxd8 Qxd8 25. Qd1 Nxf2 26. Qxd8 Rxd8 27.
Rf1 Ng4 28. Bc5 Bd4+ 29. Bxd4 Rxd4 30. Nxb7 Ne3 31. Rc1 Nxg2 32. Kxg2 Rd2 33.
Kf1 Rxa2 34. Nd8 Be4 35. Rd1 Kf8 36. Rd4 f5 37. Ne6+ Ke7 38. Nc5 Bh1 39. Rd7+
Kf6 40. Rxh7 Ke5 41. Rd7 a5 42. Nd3+ Ke6 43. Nc5+ Kf6 44. Kf2 a4 45. Rd1 Be4
46. Nxe4+ fxe4 47. Rd6+ Kf5 48. Rxc6 Rc2 49. c5 a3 50. Ra6 a2 51. c6 Kg4 52. c7
Kh3 53. Rxa2 Rxc7 54. Ra6 Rg7 55. Kg1 e3 56. Re6 Rc7 57. Rxe3 Rc1+ 58. Kf2 Rh1
59. Re6 Rxh2+ 60. Kf3 Rh1 61. Rxg6 Rf1+ 62. Ke4 Rf8 63. e3 Re8+ 64. Kf4 Rf8+
65. Ke4 Re8+ 66. Kf3 Rf8+ 67. Ke2 Re8 68. Rg7 Kg2 69. Rg4 Re7 70. e4 Re8 71.
Ke3 Re7 72. Kf4 Rf7+ 73. Ke5 Ra7 74. Kf6 Kf3 75. Rf4+ Kxg3 76. Rf5 Ra6+ 77. Kg5
Re6 78. e5 Kg2 79. Kf4 Re8 80. Rf6 Kf2 81. e6 Ke2 82. Ke5 Ke3 83. Kd5 1-0

[Event "I Festival Hotel Promenade A"]
[Site "Montesilvano ITA"]
[Date "2015.01.05"]
[Round "5"]
[White "Molina, Fabrizio"]
[Black "Coronel, Joshua"]
[WhiteElo "2246"]
[BlackElo "1970"]
[Result "1/2-1/2"]
[PlyCount "112"]
[EventDate "2015.01.03"]

1. Nf3 Nf6 2. c4 g6 3. g3 Bg7 4. Bg2 O-O 5. Nc3 d6 6. O-O Nc6 7. Rb1 e5 8. d3
Be6 9. b4 e4 10. Ng5 exd3 11. Nxe6 fxe6 12. exd3 Rb8 13. Bg5 Qe8 14. Re1 Qf7
15. b5 Nd4 16. Be3 Nd7 17. Ne4 h6 18. f4 a6 19. bxa6 bxa6 20. Qd2 Kh7 21. Kh1
Rxb1 22. Rxb1 Rb8 23. Rxb8 Nxb8 24. Qa5 Qd7 25. Nd2 Nc2 26. Bf2 Nd4 27. Be4
Ndc6 28. Qa4 e5 29. Nf3 exf4 30. Nh4 Ne7 31. Qxd7 Nxd7 32. Bb7 fxg3 33. Bxg3
Nf6 34. Bf4 a5 35. Bd2 a4 36. Ba5 Ne8 37. Kg2 Bb2 38. Nf3 Kg7 39. Ne1 Kf6 40.
Nc2 g5 41. Ne3 Ke5 42. Kf3 a3 43. Be4 c5 44. Bd2 Nf6 45. Ng4+ Nxg4 46. Kxg4 d5
47. Bf3 dxc4 48. dxc4 Kd4 49. Bxg5 Nc8 50. h4 Nb6 51. Be2 Na4 52. Bd1 Nb6 53.
Bb3 Nxc4 54. Bxc4 Kxc4 55. h5 Kd3 56. Kf5 Kc2 1/2-1/2

[Event "I Festival Hotel Promenade A"]
[Site "Montesilvano ITA"]
[Date "2015.01.05"]
[Round "5"]
[White "Paolillo, Gaia"]
[Black "Capitelli, Paolo"]
[WhiteElo "1899"]
[BlackElo "2071"]
[Result "1-0"]
[PlyCount "125"]
[EventDate "2015.01.03"]

1. Nf3 Nf6 2. c4 g6 3. g3 Bg7 4. Bg2 d6 5. d4 O-O 6. O-O Nc6 7. Nc3 Bg4 8. d5
Na5 9. Qd3 c5 10. h3 Bd7 11. e4 Ne8 12. Re1 a6 13. b3 b5 14. Bb2 Rb8 15. Rab1
Qc8 16. Kh2 Nf6 17. Nd2 h5 18. f4 h4 19. gxh4 Nh5 20. Ne2 Bxb2 21. Rxb2 bxc4
22. Nxc4 Nxc4 23. Qxc4 Bb5 24. Qc1 Bxe2 25. Rbxe2 Rb4 26. Bf3 Ng7 27. f5 e6 28.
f6 Ne8 29. Qg5 Qd8 30. dxe6 Qxf6 31. e7 Qxf3 32. exf8=Q+ Kxf8 33. Qg3 Qxg3+ 34.
Kxg3 Nf6 35. Kf3 c4 36. bxc4 Rxc4 37. Rd1 Ne8 38. Rd5 Ra4 39. Rd3 f6 40. h5
gxh5 41. Rd5 Ra3+ 42. Kg2 h4 43. Rh5 Ng7 44. Rxh4 Ne6 45. Rf2 Kg7 46. Rg4+ Kf7
47. h4 Ng7 48. Rgf4 Nh5 49. Rf5 Kg6 50. Rd5 Ra4 51. Rxd6 Rxe4 52. Rxa6 Rxh4 53.
a4 Kg5 54. Ra5+ Kg4 55. Raf5 Rh3 56. R2f3 Rg3+ 57. Rxg3+ Kxf5 58. Rb3 Nf4+ 59.
Kf3 Ne6 60. Rb5+ Kg6 61. Ke4 Kf7 62. a5 f5+ 63. Rxf5+ 1-0

[Event "I Festival Hotel Promenade A"]
[Site "Montesilvano ITA"]
[Date "2015.01.05"]
[Round "5"]
[White "Pescatore, Lorenzo"]
[Black "Horvath, Jozsef"]
[WhiteElo "2254"]
[BlackElo "2514"]
[Result "1/2-1/2"]
[PlyCount "40"]
[EventDate "2015.01.03"]

1. e4 c6 2. c4 e5 3. Nf3 d6 4. d4 Nd7 5. Nc3 Ngf6 6. Be2 g6 7. O-O Bg7 8. Re1
O-O 9. Bf1 a6 10. b3 exd4 11. Nxd4 Ng4 12. Qxg4 Bxd4 13. Qg3 Qf6 14. Bb2 Nc5
15. Rad1 Be5 16. Qe3 a5 17. g3 Qe7 18. f4 Bg7 19. e5 Re8 20. Ba3 Bg4 1/2-1/2

[Event "I Festival Hotel Promenade A"]
[Site "Montesilvano ITA"]
[Date "2015.01.05"]
[Round "5"]
[White "Zimina, Olga"]
[Black "Sibilio, Mario"]
[WhiteElo "2328"]
[BlackElo "2280"]
[Result "1/2-1/2"]
[PlyCount "20"]
[EventDate "2015.01.03"]

1. Nf3 Nf6 2. c4 g6 3. Nc3 Bg7 4. e4 d6 5. d4 O-O 6. Be2 e5 7. Be3 Nc6 8. d5
Ne7 9. O-O h6 10. Nd2 c5 1/2-1/2

[Event "I Festival Hotel Promenade A"]
[Site "Montesilvano ITA"]
[Date "2015.01.06"]
[Round "6"]
[White "Ceschia, Ivano"]
[Black "Di Donatantonio, Franco"]
[WhiteElo "2260"]
[BlackElo "2114"]
[Result "0-1"]
[PlyCount "74"]
[EventDate "2015.01.03"]

1. e4 d6 2. d4 Nf6 3. Nc3 Nbd7 4. Nf3 e5 5. Bc4 Be7 6. O-O O-O 7. h3 c6 8. a4
Qc7 9. Re1 Re8 10. Ng5 h6 11. Nf3 Kf8 12. a5 Kg8 13. Qd3 Nf8 14. dxe5 dxe5 15.
Nh4 Be6 16. Bxe6 Nxe6 17. Nf5 Bf8 18. Qg3 Kh7 19. Rd1 Rad8 20. Rxd8 Rxd8 21.
Be3 Bb4 22. Qh4 Ng8 23. Ne2 Bxa5 24. Neg3 Bb6 25. Bxh6 gxh6 26. Nh5 Rd2 27.
Nf6+ Kh8 28. Ng4 Qd8 29. Qh5 Qg5 30. Qxf7 Nf4 31. Ra3 Rxf2 32. Kh1 h5 33. Rf3
hxg4 34. Rxf2 Bxf2 35. h4 Bxh4 36. Qc7 Nh5 37. Qxe5+ Nhf6 0-1

[Event "I Festival Hotel Promenade A"]
[Site "Montesilvano ITA"]
[Date "2015.01.06"]
[Round "6"]
[White "Difronzo, Andrea"]
[Black "Gueci, Tea"]
[WhiteElo "2170"]
[BlackElo "2050"]
[Result "1/2-1/2"]
[PlyCount "43"]
[EventDate "2015.01.03"]

1. e4 g6 2. d4 Bg7 3. Nc3 d6 4. Nf3 Nf6 5. Be2 O-O 6. O-O c6 7. a4 Nbd7 8. h3
e5 9. dxe5 dxe5 10. Qd3 Qe7 11. Be3 Nc5 12. Qc4 Na6 13. Qb3 Be6 14. Bc4 Bxc4
15. Qxc4 Nd7 16. Rfd1 Rfd8 17. a5 Qb4 18. Qxb4 Nxb4 19. Rac1 b6 20. Na4 bxa5
21. c3 Na6 22. Rd6 1/2-1/2

[Event "I Festival Hotel Promenade A"]
[Site "Montesilvano ITA"]
[Date "2015.01.06"]
[Round "6"]
[White "Horvath, Jozsef"]
[Black "Collutiis, Duilio"]
[WhiteElo "2514"]
[BlackElo "2478"]
[Result "1-0"]
[PlyCount "53"]
[EventDate "2015.01.03"]

1. Nf3 f5 2. d4 e6 3. g3 Nf6 4. Bg2 Be7 5. c4 O-O 6. O-O Ne4 7. Qc2 Bf6 8. Nc3
Nxc3 9. Qxc3 d6 10. b4 Re8 11. Bb2 e5 12. dxe5 dxe5 13. Rad1 Qe7 14. Nxe5 Na6
15. b5 Nc5 16. Qa3 Ne4 17. Qxe7 Bxe7 18. e3 a6 19. b6 cxb6 20. Nd7 Bxd7 21.
Rxd7 Nc5 22. Rd5 g6 23. Rb1 Ne4 24. Bd4 b5 25. cxb5 axb5 26. Bxe4 fxe4 27.
Rbxb5 1-0

[Event "I Festival Hotel Promenade A"]
[Site "Montesilvano ITA"]
[Date "2015.01.06"]
[Round "6"]
[White "Martorelli, Antonio"]
[Black "Horvath, Csaba"]
[WhiteElo "2281"]
[BlackElo "2540"]
[Result "0-1"]
[PlyCount "56"]
[EventDate "2015.01.03"]

1. e4 c5 2. Nf3 d6 3. d4 Nf6 4. Nc3 cxd4 5. Nxd4 Nc6 6. Be2 e6 7. Be3 Be7 8.
O-O O-O 9. f4 Bd7 10. Qe1 Qb6 11. Nf5 Qxb2 12. Nxe7+ Nxe7 13. Rb1 Qxc2 14. Rc1
Qb2 15. Bd4 Nxe4 16. Bd3 f5 17. Bxe4 fxe4 18. Rb1 Qc2 19. Rxb7 Rad8 20. Rf2 Qd3
21. Rd2 Qc4 22. Nxe4 Nf5 23. a3 Nxd4 24. Rb4 Nc2 25. Qc1 Qa6 26. Rxc2 e5 27.
Rc7 Rc8 28. Rbb7 Qxb7 0-1

[Event "I Festival Hotel Promenade A"]
[Site "Montesilvano ITA"]
[Date "2015.01.06"]
[Round "6"]
[White "Molina, Fabrizio"]
[Black "Capaliku, Aleks"]
[WhiteElo "2246"]
[BlackElo "2037"]
[Result "1/2-1/2"]
[PlyCount "129"]
[EventDate "2015.01.03"]

1. c4 Nf6 2. g3 e6 3. Bg2 d5 4. Nf3 c5 5. O-O Nc6 6. b3 Be7 7. d3 d4 8. Bb2 O-O
9. e3 e5 10. Re1 Bg4 11. h3 Bh5 12. e4 Ne8 13. Nbd2 h6 14. Nf1 g5 15. Bc1 Ng7
16. a3 f6 17. Bd2 b6 18. N1h2 Qd7 19. Qc1 a5 20. Rb1 Ra7 21. Kh1 Ne6 22. Ng1
Bd6 23. Bf3 Bxf3+ 24. Ngxf3 Qg7 25. Qd1 Qg6 26. Ng1 f5 27. exf5 Qxf5 28. Qf3
Qxf3+ 29. Ngxf3 Raf7 30. Kg2 h5 31. Re2 Rf5 32. Be1 Kh7 33. Nd2 Be7 34. Ne4 Kg6
35. Bd2 Ng7 36. Rg1 Ne8 37. g4 hxg4 38. hxg4 R5f7 39. Rd1 Ng7 40. Nf1 Ne6 41.
Nfg3 Nf4+ 42. Bxf4 Rxf4 43. f3 Rxf3 44. Nf5 Rf4 45. Kg3 Rh8 46. Nf2 Bf6 47. Nh3
Rxf5 48. gxf5+ Kxf5 49. Nf2 Nd8 50. Ne4 Ne6 51. Rh2 Rf8 52. Rh6 Nf4 53. Nd6+
Ke6 54. Ne4 Kf5 55. Rxf6+ Rxf6 56. Nxf6 Kxf6 57. Kg4 Kg6 58. Rd2 Kf6 59. Rf2
Kg6 60. Rf3 Kf6 61. Rf1 Kg6 62. Rd1 Kf6 63. Rd2 Kg6 64. Rd1 Kf6 65. Rd2 1/2-1/2

[Event "I Festival Hotel Promenade A"]
[Site "Montesilvano ITA"]
[Date "2015.01.06"]
[Round "6"]
[White "Naumkin, Igor"]
[Black "Pescatore, Lorenzo"]
[WhiteElo "2408"]
[BlackElo "2254"]
[Result "1-0"]
[PlyCount "53"]
[EventDate "2015.01.03"]

1. d4 d5 2. c4 c6 3. Nf3 Nf6 4. Nc3 e6 5. e3 Nbd7 6. Qc2 Bd6 7. Bd3 O-O 8. O-O
dxc4 9. Bxc4 b5 10. Be2 Bb7 11. a3 Qb8 12. h3 e5 13. e4 a6 14. dxe5 Nxe5 15.
Nd4 Ng6 16. Bg5 Bh2+ 17. Kh1 Be5 18. Nf3 Nf4 19. Qd2 Nxe2 20. Qxe2 c5 21. Nxe5
Qxe5 22. f4 Qd4 23. Rae1 Nxe4 24. Nxe4 Rfe8 25. Be7 Qd5 26. Nf6+ gxf6 27. Qg4+
1-0

[Event "I Festival Hotel Promenade A"]
[Site "Montesilvano ITA"]
[Date "2015.01.06"]
[Round "6"]
[White "Paolillo, Gaia"]
[Black "Zimina, Olga"]
[WhiteElo "1899"]
[BlackElo "2328"]
[Result "1/2-1/2"]
[PlyCount "111"]
[EventDate "2015.01.03"]

1. Nf3 d5 2. c4 c6 3. e3 Nf6 4. d4 e6 5. Bd3 Nbd7 6. O-O dxc4 7. Bxc4 Bd6 8.
Nc3 b5 9. Bd3 a6 10. Bd2 Bb7 11. Rc1 c5 12. dxc5 Nxc5 13. Bb1 O-O 14. a3 Rc8
15. h3 Qb6 16. Re1 Rfd8 17. b4 Nce4 18. Nxe4 Nxe4 19. Rxc8 Rxc8 20. Qb3 Bd5 21.
Qd3 f5 22. Rd1 Bb8 23. Nd4 Qb7 24. Be1 Nf6 25. f3 Qc7 26. f4 g5 27. Ne2 Bc4 28.
Qc2 Nd5 29. Bf2 Bxe2 30. Qxe2 Nc3 31. Qh5 Nxd1 32. Ba2 Nxf2 33. Bxe6+ Kh8 34.
Bxc8 Qxc8 35. Kxf2 gxf4 36. exf4 Bxf4 37. Qe2 Qd7 38. Qb2+ Kg8 39. Kf3 Bg5 40.
Qb3+ Kg7 41. g3 Qc6+ 42. Kf2 Qc4 43. Qf3 Qc2+ 44. Kf1 Qe4 45. Qc3+ Bf6 46. Qc7+
Kg6 47. Qd6 Qf3+ 48. Kg1 Qxa3 49. h4 Qe3+ 50. Kh2 Qe2+ 51. Kh3 Qf1+ 52. Kh2
Qf2+ 53. Kh1 h5 54. Qe6 Qxg3 55. Qg8+ Bg7 56. Qxg7+ 1/2-1/2

[Event "I Festival Hotel Promenade A"]
[Site "Montesilvano ITA"]
[Date "2015.01.06"]
[Round "6"]
[White "Pierantozzi, Stanislao"]
[Black "Calavalle, Giulio"]
[WhiteElo "2058"]
[BlackElo "2221"]
[Result "0-1"]
[PlyCount "116"]
[EventDate "2015.01.03"]

1. d4 d5 2. c4 c6 3. Nf3 Nf6 4. Nc3 e6 5. e3 Be7 6. Qc2 Nbd7 7. Be2 dxc4 8. a4
O-O 9. Bxc4 b6 10. O-O Bb7 11. Rd1 Qc7 12. Qe2 Rad8 13. e4 e5 14. d5 Nb8 15.
Bg5 Nh5 16. Be3 Nf4 17. Bxf4 exf4 18. Rac1 Bc5 19. Bb3 Ba6 20. Bc4 Bb7 21. Ba2
Qe7 22. Qc2 Na6 23. Bb1 Nb4 24. Qb3 cxd5 25. exd5 Qf6 26. Ne4 Qe7 27. Nxc5 bxc5
28. Qc4 Bxd5 29. Qxf4 Bxf3 30. Qxf3 g6 31. Re1 Qc7 32. h4 Rd4 33. g3 Rd5 34.
Rc3 Qd6 35. Rce3 Nc6 36. Ba2 Rf5 37. Qe4 Nd4 38. Kg2 Qf6 39. R1e2 Nxe2 40. Rxe2
Rc8 41. Qb7 Qc6+ 42. Qxc6 Rxc6 43. Bc4 Rc7 44. b3 Kg7 45. Rd2 Re5 46. Rd6 Re4
47. Rd5 Kf6 48. Rd6+ Ke7 49. Rd3 Rd7 50. Rc3 Kd6 51. Bb5 Rde7 52. Rd3+ Rd4 53.
Rf3 f5 54. h5 Re1 55. hxg6 hxg6 56. Rc3 Rdd1 57. Rf3 Rg1+ 58. Kh3 Rh1+ 0-1